000 01074naa a22003137a 4500
001 BR7200808
003 BR-BrBNA
005 20240918173437.0
007 ta
008 230509b bl.||||| |||| 00| 0 por d
040 _aBR-BrBNA
_bpor
_cBiblioteca Nacional de Agricultura
041 _a(Pt)
072 _aS00; S10; R00
_b1540
090 _aS00 BR7200808
100 1 _aMenezes, D.M. de
111 1 _a6. Reuniao da Comissao Nacional da Mandioca
_cRecife, PE (Brazil)
_d1972
245 1 _aMandioca na culinaria [valor nutritivo]
260 3 _aBrasilia, DF (Brasil):
_c1972.
500 _aAnais da 6. Reuniao da Comissao Nacional da Mandioca Brasilia, DF (Brasil): 1972. p. 89-93 (BR7200808-AM)S00
650 _aMANDIOCA
650 _aNUTRICAO HUMANA
650 _aVALOR NUTRITIVO
650 _aPROTEINA
650 _aANALISE QUIMICA
650 _aANALISE ORGANOLEPTICA
773 0 _tAnais da 6. Reuniao da Comissao Nacional da Mandioca
_wS00 BR7200808
_gBrasilia, DF (Brasil), 1972. p. 89-93
909 _a202404
_bLucia
_c55
_dLucia Elande
942 _cAM
_2AGRIS
999 _c304636
_d304636